[Event "Marseille op 5th"]
[Site "Marseille"]
[Date "2012.12.27"]
[Round "3"]
[White "Legrand, Vincent"]
[Black "Laurain, Dominique"]
[Result "1-0"]
[WhiteElo "1748"]
[BlackElo "1973"]
[PlyCount "91"]
[EventDate "2012.12.26"]
[EventType "swiss"]
[EventRounds "9"]
[EventCountry "FRA"]
[SourceTitle "EXT 2014"]
[Source "ChessBase"]
[SourceDate "2013.11.20"]
[SourceVersion "1"]
[SourceVersionDate "2013.11.20"]
[SourceQuality "1"]

1. e4 e6 2. d4 d5 3. e5 c5 4. Nf3 Nc6 5. Bd3 cxd4 6. 0-0 Nge7 7. Bf4 Ng6 8. Bg3 Qb6 9. Nbd2 Bd7 10. Nb3 a5 11. a4 Rc8 12. Bb5 Nb8 13. Be2 Bc5 14. h4 Nc6 15. h5 Nge7 16. Bb5 h6 17. Re1 Nb8 18. Nxc5 Qxc5 19. Nxd4 Bxb5 20. axb5 b6 21. c3 Nd7 22. Qg4 Rg8 23. Kh1 Qc4 24. f4 Nc5 25. Bh4 Ne4 26. Nxe6 g5 27. b3 gxh4 28. Qxg8+ Nxg8 29. Ng7+ Kf8 30. bxc4 Ng3+ 31. Kh2 Rxc4 32. e6 Kxg7 33. e7 Nxe7 34. Rxe7 Rxf4 35. Rd7 Nf1+ 36. Kg1 Ne3 37. Rd6 Rg4 38. Ra2 h3 39. Rxb6 Nxg2 40. Kh2 Ne1 41. Kxh3 Rg5 42. Rc6 Nf3 43. Rg2 Ng1+ 44. Kh2 Nf3+ 45. Kh1 d4 46. b6 1-0

[Event "Marseille op 4th"]
[Site "Marseille"]
[Date "2011.12.26"]
[Round "2"]
[White "Enchev, Ivajlo"]
[Black "Laurain, Dominique"]
[Result "1-0"]
[WhiteElo "2424"]
[BlackElo "1981"]
[PlyCount "61"]
[EventDate "2011.12.26"]
[EventType "swiss"]
[EventRounds "9"]
[EventCountry "FRA"]
[SourceTitle "CBM 146 Extra"]
[Source "ChessBase"]
[SourceDate "2012.02.29"]
[SourceVersion "1"]
[SourceVersionDate "2012.02.29"]
[SourceQuality "1"]

1. d4 Nf6 2. c4 g6 3. Nc3 d5 4. cxd5 Nxd5 5. Bd2 Nb6 6. Bg5 Bg7 7. e3 0-0 8. Nf3 Nc6 9. Be2 Nb4 10. 0-0 N4d5 11. Ne4 Bg4 12. Nc5 Rb8 13. Rc1 Nd7 14. Nxd7 Bxd7 15. Qb3 Be6 16. Qa3 f6 17. Bh4 a6 18. Bg3 Rc8 19. e4 Nb6 20. d5 Bf7 21. Rfd1 Qd7 22. Nd4 Bh6 23. Rc2 Rfd8 24. Nb3 Na4 25. Na5 e5 26. b3 b6 27. Nc6 Nc5 28. Nxd8 Rxd8 29. f3 f5 30. b4 Na4 31. Bxe5 1-0

[Event "Marseille op 4th"]
[Site "Marseille"]
[Date "2011.12.26"]
[Round "1"]
[White "Laurain, Dominique"]
[Black "Savalle, Nicolas"]
[Result "1-0"]
[WhiteElo "1981"]
[BlackElo "1530"]
[PlyCount "49"]
[EventDate "2011.12.26"]
[EventType "swiss"]
[EventRounds "9"]
[EventCountry "FRA"]
[SourceTitle "CBM 146 Extra"]
[Source "ChessBase"]
[SourceDate "2012.02.29"]
[SourceVersion "1"]
[SourceVersionDate "2012.02.29"]
[SourceQuality "1"]

1. d4 d5 2. c4 dxc4 3. Nf3 Nf6 4. Nc3 Bf5 5. e3 e6 6. Bxc4 c5 7. 0-0 Nc6 8. Qa4 Bd6 9. Nb5 a6 10. Nxd6+ Qxd6 11. Qa3 Nb4 12. dxc5 Qxc5 13. Bd2 Qxc4 14. Bxb4 Nd5 15. Bd6 Rc8 16. Rad1 Bg6 17. Rd4 Qb5 18. Rfd1 Bh5 19. e4 Bxf3 20. Qxf3 Nb6 21. Qg3 g6 22. Qh4 Qd7 23. Be5 Qe7 24. Bf6 Qc7 25. Bxh8 1-0

[Event "Naujac op 14th"]
[Site "Naujac"]
[Date "2011.06.??"]
[Round "5"]
[White "Laurain, Dominique"]
[Black "Ollier, Pablo"]
[Result "0-1"]
[WhiteElo "2026"]
[BlackElo "2282"]
[PlyCount "54"]
[EventDate "2011.06.26"]
[EventType "swiss"]
[EventRounds "9"]
[EventCountry "FRA"]
[SourceTitle "EXT 2013"]
[Source "ChessBase"]
[SourceDate "2012.11.22"]
[SourceVersion "1"]
[SourceVersionDate "2012.11.22"]
[SourceQuality "1"]

1. d4 Nf6 2. c4 e6 3. Nc3 Bb4 4. e3 0-0 5. Bd3 d5 6. cxd5 exd5 7. Nge2 Bd6 8. f3 c5 9. 0-0 Nc6 10. Qe1 Re8 11. Qh4 h6 12. a3 a6 13. Kh1 b5 14. Bd2 b4 15. axb4 Nxb4 16. Bb5 Bd7 17. Bxd7 Nxd7 18. Qxd8 Raxd8 19. e4 Nb6 20. Na4 Nxa4 21. Rxa4 dxe4 22. Bxb4 cxb4 23. Rxa6 exf3 24. Ng1 fxg2+ 25. Kxg2 Be7 26. Nf3 Bf6 27. Ra7 Re2+ 0-1

[Event "FRA-chT2 South 0708"]
[Site "France"]
[Date "2008.01.19"]
[Round "5.6"]
[White "Favarel, Antoine"]
[Black "Laurain, Dominique"]
[Result "1-0"]
[WhiteElo "2066"]
[BlackElo "2035"]
[PlyCount "73"]
[EventDate "2007.10.21"]
[EventType "team"]
[EventRounds "11"]
[EventCountry "FRA"]
[SourceTitle "EXT 2009"]
[Source "ChessBase"]
[SourceDate "2008.11.26"]
[SourceVersion "1"]
[SourceVersionDate "2008.11.26"]
[SourceQuality "1"]
[WhiteTeam "Bordeaux ASPOM"]
[BlackTeam "Tournefeuille"]
[WhiteTeamCountry "FRA"]
[BlackTeamCountry "FRA"]

1. e4 e6 2. d3 d5 3. Nd2 Nf6 4. Ngf3 c5 5. g3 b6 6. Bg2 Bb7 7. e5 Nfd7 8. 0-0 Nc6 9. Re1 Qc7 10. Qe2 Be7 11. Nf1 h6 12. c3 g5 13. h3 0-0-0 14. g4 Nf8 15. Ng3 Ng6 16. a3 Kb8 17. Nh5 d4 18. c4 Rdf8 19. Bd2 a5 20. Rab1 Nf4 21. Bxf4 gxf4 22. Nxf4 Rhg8 23. Nh5 Nd8 24. Nd2 Bxg2 25. Kxg2 Rg6 26. f4 Rfg8 27. Ne4 Nc6 28. Nef6 Bxf6 29. Nxf6 Rxf6 30. exf6 Qxf4 31. Qf3 Qd6 32. Re4 Rg6 33. Rf1 Kc7 34. Qf4 e5 35. Qf5 Qd7 36. Qxg6 fxg6 37. f7 1-0

[Event "FRA-chT2 South 0607"]
[Site "France"]
[Date "2006.12.10"]
[Round "4.3"]
[White "Letreguilly, Olivier"]
[Black "Laurain, Dominique"]
[Result "1-0"]
[WhiteElo "2308"]
[BlackElo "2056"]
[PlyCount "111"]
[EventDate "2006.10.15"]
[EventType "team"]
[EventRounds "11"]
[EventCountry "FRA"]
[SourceTitle "EXT 2008"]
[Source "ChessBase"]
[SourceDate "2007.11.25"]
[SourceVersion "1"]
[SourceVersionDate "2007.11.25"]
[SourceQuality "1"]
[WhiteTeam "Saint Affrique"]
[BlackTeam "Tournefeuille"]
[WhiteTeamCountry "FRA"]
[BlackTeamCountry "FRA"]

1. c4 e5 2. Nc3 Nc6 3. g3 g6 4. Bg2 Bg7 5. e3 Nge7 6. Nge2 0-0 7. 0-0 Nf5 8. Rb1 a5 9. a3 d6 10. d3 Be6 11. Nd5 Qd7 12. b4 axb4 13. axb4 Na7 14. b5 Nc8 15. Nb4 Ra7 16. Bb2 Nb6 17. Qc2 Rfa8 18. Nc3 Ne7 19. Ra1 c5 20. bxc6 bxc6 21. Rxa7 Rxa7 22. Qb3 Rb7 23. Ra1 h6 24. Qa3 d5 25. c5 Nbc8 26. Na4 d4 27. e4 Rb5 28. Bc1 Qb7 29. Bd2 g5 30. Bf3 Bf8 31. Bd1 Ng6 32. Na2 Bb3 33. Nb4 Bxd1 34. Rxd1 Bxc5 35. Nxc5 Rxc5 36. Qa4 Rb5 37. Rc1 Nge7 38. Nc2 c5 39. Na3 Rb3 40. Nc4 Nc6 41. Nxe5 Nxe5 42. Qe8+ Kh7 43. Qxe5 Rxd3 44. Ba5 Qb5 45. Qf5+ Kg7 46. Bd8 Qa6 47. Qxc5 Qe6 48. e5 Rc3 49. Rxc3 dxc3 50. Bf6+ Kg6 51. Qxc3 Nb6 52. Qd3+ Qf5 53. Qd1 Qe4 54. f3 Nc4 55. fxe4 Ne3 56. Qf3 1-0

[Event "EU Union-ch"]
[Site "Cork"]
[Date "2005.03.24"]
[Round "3"]
[White "Laurain, Dominique"]
[Black "Arakhamia Grant, Ketevan"]
[Result "0-1"]
[WhiteElo "2084"]
[BlackElo "2454"]
[PlyCount "77"]
[EventDate "2005.03.22"]
[EventType "swiss"]
[EventRounds "10"]
[EventCountry "IRL"]
[SourceTitle "CBM 105 Extra"]
[Source "ChessBase"]
[SourceDate "2005.05.01"]
[SourceVersion "1"]
[SourceVersionDate "2005.05.01"]
[SourceQuality "1"]

1. d4 Nf6 2. c4 g6 3. Nc3 Bg7 4. e4 d6 5. Be2 0-0 6. Bg5 Na6 7. Qd2 e5 8. d5 Qe8 9. Bd1 Bd7 10. f3 Nh5 11. Nge2 f5 12. Bc2 f4 13. Bh4 Bf6 14. Bf2 Qe7 15. Bb3 Bh4 16. Nc1 Nc5 17. Bc2 a5 18. Nd3 Nxd3+ 19. Bxd3 Kh8 20. Rc1 Bxf2+ 21. Qxf2 g5 22. Kd2 g4 23. Ne2 c5 24. Kc2 Rg8 25. Kb1 Rg6 26. Rcg1 Rag8 27. Bc2 Qg7 28. Qe1 b6 29. a3 gxf3 30. gxf3 Rg2 31. Rxg2 Qxg2 32. Rg1 Qxf3 33. Rxg8+ Kxg8 34. Qh4 Kf7 35. Nc3 Nf6 36. Bd1 Qf1 37. Kc2 f3 38. Qg3 f2 39. h3 0-1

[Event "EU Union-ch"]
[Site "Cork"]
[Date "2005.03.22"]
[Round "1"]
[White "Laurain, Dominique"]
[Black "Cicak, Slavko"]
[Result "0-1"]
[WhiteElo "2084"]
[BlackElo "2552"]
[PlyCount "122"]
[EventDate "2005.03.22"]
[EventType "swiss"]
[EventRounds "10"]
[EventCountry "IRL"]
[SourceTitle "CBM 105 Extra"]
[Source "ChessBase"]
[SourceDate "2005.05.01"]
[SourceVersion "1"]
[SourceVersionDate "2005.05.01"]
[SourceQuality "1"]

1. d4 g6 2. c4 Bg7 3. Nc3 Nf6 4. e4 0-0 5. Be2 c5 6. d5 d6 7. Bf4 Qa5 8. Bd2 e6 9. Nf3 exd5 10. cxd5 Bg4 11. 0-0 Re8 12. Re1 Nbd7 13. a4 Qc7 14. Qc2 a6 15. h3 Bxf3 16. Bxf3 c4 17. Be2 b6 18. Rac1 Rac8 19. Bf1 Qb8 20. Na2 b5 21. axb5 axb5 22. Nb4 Nc5 23. Nc6 Qb7 24. Ra1 Rxc6 25. dxc6 Qxc6 26. f3 Nb3 27. Rad1 Nd4 28. Qb1 Nh5 29. Be3 Nb3 30. Qc2 Ra8 31. g4 Nf6 32. Qh2 Ne8 33. Re2 Ra2 34. Rc2 Bf8 35. Qf2 Nc7 36. Bg2 Qa6 37. f4 Qc8 38. Qf3 Na6 39. Bc1 Nac5 40. e5 dxe5 41. fxe5 Ne6 42. Be3 Qc7 43. Rf2 Bc5 44. Bxc5 Nbxc5 45. Rd6 Qa7 46. Qf6 h6 47. Kh2 c3 48. bxc3 Ne4 49. Rxa2 Qxa2 50. Rd8+ Nxd8 51. Qxd8+ Kh7 52. Qd3 Ng5 53. h4 Ne6 54. Qxb5 Qf2 55. Qf1 Qxh4+ 56. Kg1 Kg8 57. Qf3 Qe1+ 58. Kh2 Qxe5+ 59. Qg3 Nf4 60. c4 g5 61. Bd5 Qe2+ 0-1

[Event "FRA-chT2 0405"]
[Site "France"]
[Date "2004.11.06"]
[Round "2.7"]
[White "Marino, Olivier"]
[Black "Laurain, Dominique"]
[Result "1/2-1/2"]
[WhiteElo "2109"]
[BlackElo "2084"]
[PlyCount "41"]
[EventDate "2004.10.10"]
[EventType "team"]
[EventRounds "11"]
[EventCountry "FRA"]
[SourceTitle "EXT 2006"]
[Source "ChessBase"]
[SourceDate "2005.11.24"]
[SourceVersion "1"]
[SourceVersionDate "2005.11.24"]
[SourceQuality "1"]

1. e4 e6 2. d4 d5 3. Nc3 Bb4 4. e5 Ne7 5. a3 Bxc3+ 6. bxc3 c5 7. Nf3 Qa5 8. Bd2 Nbc6 9. Be2 c4 10. a4 h6 11. 0-0 Bd7 12. Qc1 Qd8 13. Be3 b6 14. Nd2 Nf5 15. Qa3 Qe7 16. Qxe7+ Ncxe7 17. g4 Nxe3 18. fxe3 0-0 19. Bf3 Rac8 20. Kg2 f6 21. exf6 1/2-1/2

[Event "Vandoeuvre op"]
[Site "Vandoeuvre"]
[Date "2004.??.??"]
[Round "1"]
[White "Guadalpi, David"]
[Black "Laurain, Dominique"]
[Result "1-0"]
[WhiteElo "2324"]
[BlackElo "2084"]
[PlyCount "65"]
[EventDate "2004.12.26"]
[EventType "swiss"]
[EventRounds "9"]
[EventCountry "FRA"]
[SourceTitle "CBM 104 Extra"]
[Source "ChessBase"]
[SourceDate "2005.03.01"]
[SourceVersion "1"]
[SourceVersionDate "2005.03.01"]
[SourceQuality "1"]

1. e4 e6 2. d4 d5 3. Nc3 Bb4 4. e5 Ne7 5. a3 Bxc3+ 6. bxc3 c5 7. Qg4 0-0 8. Bd3 f5 9. exf6 Rxf6 10. Qh5 h6 11. Nf3 Nbc6 12. 0-0 c4 13. Be2 Bd7 14. Re1 Nf5 15. a4 Nd6 16. Ba3 Be8 17. Qh3 Bg6 18. Bxd6 Qxd6 19. Bd1 Be4 20. Nd2 Bf5 21. Qg3 Qf8 22. Nf1 Re8 23. Ne3 Be4 24. Bh5 g6 25. f3 Kh7 26. fxe4 gxh5 27. exd5 Rg6 28. Qh3 exd5 29. Nxd5 Rd8 30. Rf1 Qg7 31. Nf4 Rg4 32. Nxh5 Rd5 33. Nxg7 1-0

[Event "Vandoeuvre op"]
[Site "Vandoeuvre"]
[Date "2004.??.??"]
[Round "8"]
[White "Laurain, Dominique"]
[Black "Grosdemange, David"]
[Result "1-0"]
[WhiteElo "2084"]
[BlackElo "1210"]
[PlyCount "49"]
[EventDate "2004.12.26"]
[EventType "swiss"]
[EventRounds "9"]
[EventCountry "FRA"]
[SourceTitle "CBM 104 Extra"]
[Source "ChessBase"]
[SourceDate "2005.03.01"]
[SourceVersion "1"]
[SourceVersionDate "2005.03.01"]
[SourceQuality "1"]

1. d4 Nf6 2. c4 g6 3. Nc3 Bg7 4. e4 d6 5. Be2 0-0 6. Bg5 e5 7. dxe5 dxe5 8. Qxd8 Rxd8 9. Nd5 Rxd5 10. exd5 Ne4 11. Be3 f5 12. f3 Nf6 13. Nh3 h6 14. Nf2 Nbd7 15. 0-0 Kf7 16. Rad1 Ne8 17. Bd2 b6 18. Bc3 Ba6 19. b3 Rd8 20. Ba1 Bb7 21. Nd3 Nd6 22. f4 e4 23. Ne5+ Nxe5 24. fxe5 Ne8 25. g4 1-0

[Event "Condom op 2nd"]
[Site "Condom"]
[Date "2003.07.13"]
[Round "3"]
[White "Laurain, Dominique"]
[Black "Ducloux, Gerald"]
[Result "1-0"]
[WhiteElo "2095"]
[BlackElo "2197"]
[PlyCount "57"]
[EventDate "2003.07.12"]
[EventType "swiss"]
[EventRounds "9"]
[EventCountry "FRA"]
[SourceTitle "CBM 095 Extra"]
[Source "ChessBase"]
[SourceDate "2003.09.04"]
[SourceVersion "1"]
[SourceVersionDate "2003.09.04"]
[SourceQuality "1"]

1. d4 Nf6 2. c4 g6 3. Nc3 Bg7 4. e4 d6 5. Be2 0-0 6. Bg5 Nc6 7. d5 Nb8 8. h3 h6 9. Be3 Nbd7 10. Nf3 e5 11. Qc2 a5 12. g4 Nh7 13. 0-0-0 b6 14. Rdg1 Nc5 15. Rh2 f6 16. h4 g5 17. Nd2 Bd7 18. Nf1 Be8 19. Ng3 Bg6 20. Nf5 Bxf5 21. gxf5 Kf7 22. Bh5+ Ke7 23. Bg6 Rh8 24. Bxh7 Rxh7 25. hxg5 hxg5 26. Rxh7 Qg8 27. Rgh1 Rf8 28. Bxc5 dxc5 29. Qa4 1-0

[Event "Dieppe"]
[Site "Dieppe"]
[Date "2001.12.17"]
[Round "1"]
[White "Vaillant, Stephane"]
[Black "Laurain, Dominique"]
[Result "0-1"]
[WhiteElo "2080"]
[BlackElo "2107"]
[PlyCount "60"]
[EventDate "2000.12.??"]
[EventType "tourn"]
[EventRounds "9"]
[EventCountry "FRA"]
[SourceTitle "EXT 2005"]
[Source "ChessBase"]
[SourceDate "2004.11.15"]
[SourceVersion "1"]
[SourceVersionDate "2004.11.15"]
[SourceQuality "1"]

1. d4 Nf6 2. Nf3 g6 3. c4 Bg7 4. Nc3 d5 5. Bf4 0-0 6. e3 c5 7. dxc5 Qa5 8. Rc1 Be6 9. Nd4 Nc6 10. Nb3 Qd8 11. cxd5 Nxd5 12. Bb5 Nxf4 13. exf4 Qc7 14. Qf3 Bxb3 15. Bxc6 bxc6 16. axb3 Rab8 17. Nd1 Qa5+ 18. Nc3 Rxb3 19. 0-0 Qxc5 20. Rfe1 Rfb8 21. g3 a5 22. h4 Bd4 23. Re2 Rxb2 24. Rxb2 Rxb2 25. Ne2 Qb4 26. Nxd4 Qxd4 27. Rxc6 a4 28. Ra6 Kg7 29. f5 Rb3 30. Qc6 Rxg3+ 0-1

[Event "Toulouse CEIT op"]
[Site "Toulouse"]
[Date "2000.08.07"]
[Round "1"]
[White "Van Elst, Andreas"]
[Black "Laurain, Dominique"]
[Result "1-0"]
[WhiteElo "2248"]
[BlackElo "2098"]
[PlyCount "63"]
[EventDate "2000.08.07"]
[EventType "swiss"]
[EventRounds "7"]
[EventCountry "FRA"]
[SourceTitle "EXT 2001"]
[Source "ChessBase"]
[SourceDate "2000.11.22"]
[SourceVersion "1"]
[SourceVersionDate "2000.11.22"]
[SourceQuality "1"]

1. d4 Nf6 2. c4 g6 3. Nc3 d5 4. Nf3 Bg7 5. Bf4 0-0 6. Rc1 c5 7. dxc5 Qa5 8. cxd5 Rd8 9. Qd2 Nxd5 10. Nxd5 Qxd2+ 11. Bxd2 Rxd5 12. e4 Rd8 13. Bc3 Bg4 14. Bxg7 Kxg7 15. Bb5 a6 16. Ba4 Bxf3 17. gxf3 Rd4 18. b3 a5 19. Bb5 Na6 20. Bxa6 Rxa6 21. Ke2 Rc6 22. Ke3 Rb4 23. Rc3 a4 24. Rhc1 b6 25. Rc4 Rxc4 26. Rxc4 axb3 27. axb3 bxc5 28. b4 Kf6 29. Rxc5 Rb6 30. b5 Ke6 31. Rd5 f5 32. Kd4 1-0

[Event "FRA-chT 9900"]
[Site "France"]
[Date "2000.04.29"]
[Round "9.6"]
[White "Daurelle, Herve"]
[Black "Laurain, Dominique"]
[Result "1-0"]
[WhiteElo "2211"]
[BlackElo "2077"]
[PlyCount "77"]
[EventDate "1999.02.04"]
[EventType "team"]
[EventRounds "11"]
[EventCountry "FRA"]
[SourceTitle "EXT 2001"]
[Source "ChessBase"]
[SourceDate "2000.11.22"]
[SourceVersion "1"]
[SourceVersionDate "2000.11.22"]
[SourceQuality "1"]

1. e4 e6 2. d4 d5 3. Nd2 Nf6 4. e5 Nfd7 5. c3 c5 6. Bd3 Nc6 7. Ne2 cxd4 8. cxd4 f6 9. exf6 Nxf6 10. 0-0 Bd6 11. Nf3 Qc7 12. Bg5 0-0 13. Rc1 Ng4 14. Ng3 g6 15. Nh4 Nf6 16. Bh6 Rf7 17. Bd2 Qb6 18. Bc3 e5 19. dxe5 Nxe5 20. Be2 Bd7 21. Nf3 Re8 22. Bd4 Qa5 23. Nxe5 Bxe5 24. Bxe5 Rxe5 25. Qd4 Re8 26. a3 a6 27. Bf3 Bc6 28. Rfd1 Qd8 29. Rc2 Rfe7 30. Re2 Rxe2 31. Nxe2 Qe7 32. h3 Rd8 33. Nc3 Rd7 34. b4 b5 35. Kf1 Ne4 36. Re1 Qg5 37. Bg4 Rd6 38. Nxe4 Qf4 39. Qd2 1-0